| 000 | 00593nam a2200121Ia 4500 | ||
|---|---|---|---|
| 008 | 171212s9999 xx 000 0 und d | ||
| 020 | _a9780833095350 | ||
| 100 | _aJackson, Brian A.;Banks, Duren;Hollywood, John S.;Woods, Dulani;Royal, Amanda | ||
| 245 |
_cJackson, Brian A.;Banks, Duren;Hollywood, John S.;Woods, Dulani;Royal, Amanda _aFostering Innovation in the U.S. Court System _bIdentifying High-Priority Technology and Other Needs for Improving Court Operations and Outcomes |
||
| 260 |
_bRAND Corporation _c2016 |
||
| 650 | _aLaw | ||
| 856 | _uhttp://jstor.org/stable/10.7249/j.ctt1d41ddx | ||
| 999 |
_c352100 _d352100 |
||